[Event "Fagernes op"]
[Site "Fagernes"]
[Date "2021.10.10"]
[Round "1"]
[White "Nilsen, Tobias Lang"]
[Black "Hagen, Brede Andre Larsen"]
[Result "1-0"]
[WhiteElo "2271"]
[BlackElo "1973"]
[PlyCount "87"]
[EventDate "2021.10.10"]
[EventType "swiss"]
[EventRounds "9"]
[EventCountry "NOR"]
[SourceTitle "CBM 204 Extra"]
[Source "ChessBase"]
[SourceDate "2021.11.30"]
[SourceVersion "1"]
[SourceVersionDate "2021.11.30"]
[SourceQuality "1"]

1. e4 c6 2. Nc3 d5 3. Nf3 dxe4 4. Nxe4 Nf6 5. Qe2 Na6 6. Nxf6+ gxf6 7. d4 Qd5 8. g3 Nb4 9. Bg2 Bg4 10. c3 Nc2+ 11. Qxc2 Bxf3 12. Bxf3 Qxf3 13. 0-0 e6 14. Re1 0-0-0 15. Qe4 Qxe4 16. Rxe4 f5 17. Rh4 Be7 18. Rh5 Bf6 19. Be3 Kd7 20. Kg2 Ke7 21. Kf3 Rdg8 22. a4 h6 23. Ra3 Bg5 24. Rb3 b6 25. c4 Kf6 26. Rc3 Kg6 27. Rh3 Rc8 28. Bxg5 Kxg5 29. Rh4 Rhd8 30. b4 h5 31. Ke3 f6 32. c5 bxc5 33. dxc5 a6 34. Rd4 Rxd4 35. Kxd4 f4 36. Kc4 fxg3 37. Rxg3+ Kf4 38. b5 axb5+ 39. axb5 cxb5+ 40. Kxb5 e5 41. c6 Rb8+ 42. Kc5 Rb2 43. Rc3 Rxf2 44. c7 1-0